10 najpotężniejszych państw na świecie - Statystyki

Ogólne statystyki
  • Ten quiz został rozwiązany 342 razy
  • Średni wynik to 8 z 10
Statystyki odpowiedzi
Potęga Odpowiedź % Poprawnych
31,64 Rosja
99%
139,46 Stany Zjednoczone
99%
119,02 Chiny
98%
24,47 Francja
88%
28,47 Niemcy
84%
39,56 Indie
80%
43,48 Japonia
80%
19,9 Wielka brytania
78%
21,12 Kanada
74%
38,69 Brazylia
71%
Nie znaleziono quizów pasujących do podanych kryteriów
Rozkład punktacji
Procent ludzi z każdym wynikiem
Percentyl według liczby udzielonych odpowiedzi
Twoja historia wyników
Nie rozwiązałeś tego quizu